Normy ve výpočetní technice

Salvato in:
Dettagli Bibliografici
Autore principale: Škvára, Václav
Natura: Libro
Lingua:ceco
Pubblicazione: Praha Národní organizace technické obsluhy 1988
Edizione:1. vyd.
Tags: Aggiungi Tag
Nessun Tag, puoi essere il primo ad aggiungerne!!

MARC

LEADER 00000nam a2200000 4500
001 c039343
005 20250605073044.9
041 0 |a cze 
044 |a CZ 
245 1 0 |a Normy ve výpočetní technice  |c Václav Škvára a kol. 
250 |a 1. vyd. 
264 1 |a Praha  |b Národní organizace technické obsluhy  |c 1988 
300 |a 191 s.  |e 25 s. príl. 
100 1 |a Škvára, Václav